| 000 | 00832nam a2200217 a 4500 | ||
|---|---|---|---|
| 001 | 000022713 | ||
| 005 | 20200930021744.0 | ||
| 008 | 101116s1973 ve r 000 | spa d | ||
| 040 |
_aDO-SdBNP _bspa _cBNPHU |
||
| 082 |
_a923.187 _bB638P |
||
| 100 | 1 |
_aPeru de Lacroix, Luis _946681 |
|
| 245 | 1 | 0 |
_aDiario de Bucaramanga : _bvida pública y privada del libertador / _cL. Per de Lacroix. |
| 260 |
_aCaracas : _bCentauro, _c1973. |
||
| 300 |
_a245 p. ; _c16 cm. |
||
| 500 | _aVersión sin mutilaciones | ||
| 500 | _aIncluye referencias bibliográficas y notas al pie de las páginas. | ||
| 600 | 1 | 4 |
_aBOLIVAR, SIMÓN, _d1783-1830 _gSIMÓN JOSÉ ANTONIO DE LA SANTÍSIMA TRINIDAD BOLÍVAR Y PALACIOS _946682 |
| 651 | 4 |
_aColombia _xHistoria _y1822-1832 _946683 |
|
| 651 | 4 |
_aBucaramanga (Colombia{Rpara} _xHistoria _946684 |
|
| 049 | _aBNGR | ||
| 999 |
_c22210 _d22210 |
||